Combien de ville d'Ile de France connais-tu ? - Statistiques

Statistiques générales
  • Ce quiz a été pris 72 fois
  • Le résultat moyen est 115 sur 1288
Statistiques - réponses
Population Département Ville % Correct
2162598 75 Paris
95%
83873 75 Paris 10e Arrondissement
95%
145124 75 Paris 11e Arrondissement
95%
141275 75 Paris 12e Arrondissement
95%
179013 75 Paris 13e Arrondissement
95%
134926 75 Paris 14e Arrondissement
95%
231186 75 Paris 15e Arrondissement
95%
165118 75 Paris 16e Arrondissement
95%
167765 75 Paris 17e Arrondissement
95%
191911 75 Paris 18e Arrondissement
95%
184156 75 Paris 19e Arrondissement
95%
16149 75 Paris 1er Arrondissement
95%
193044 75 Paris 20e Arrondissement
95%
21277 75 Paris 2e Arrondissement
95%
33651 75 Paris 3e Arrondissement
95%
29326 75 Paris 4e Arrondissement
95%
58050 75 Paris 5e Arrondissement
95%
40452 75 Paris 6e Arrondissement
95%
49300 75 Paris 7e Arrondissement
95%
36218 75 Paris 8e Arrondissement
95%
60784 75 Paris 9e Arrondissement
95%
114027 93 Saint-Denis
86%
96402 92 Nanterre
80%
92984 94 Créteil
77%
66543 91 Évry-Courcouronnes
72%
64248 94 Ivry-sur-Seine
67%
85474 78 Versailles
66%
68275 95 Cergy
64%
55066 93 Bobigny
61%
122162 92 Boulogne-Billancourt
61%
58715 95 Sarcelles
61%
111954 93 Montreuil
59%
51957 93 Sevran
59%
109058 95 Argenteuil
58%
24526 94 Orly
58%
96138 94 Vitry-sur-Seine
58%
89559 93 Aubervilliers
56%
86873 93 Aulnay-sous-Bois
55%
41867 77 Melun
55%
60411 92 Neuilly-sur-Seine
53%
68641 92 Issy-les-Moulineaux
50%
46951 93 La Courneuve
50%
63166 92 Clichy
48%
56191 77 Meaux
48%
45156 93 Noisy-le-Sec
48%
63639 92 Antony
47%
44114 78 Mantes-la-Jolie
47%
50844 91 Massy
47%
69352 93 Noisy-le-Grand
47%
50168 94 Vincennes
47%
71535 93 Drancy
45%
53509 93 Bondy
44%
87328 92 Colombes
44%
54569 93 Épinay-sur-Seine
42%
26454 91 Étampes
42%
1581 77 Le Pin
42%
32453 95 Pontoise
42%
44275 92 Puteaux
42%
82701 92 Courbevoie
41%
36640 93 Neuilly-sur-Marne
41%
88672 92 Asnières-sur-Seine
39%
77751 94 Champigny-sur-Marne
39%
16368 77 Fontainebleau
39%
51807 94 Fontenay-sous-Bois
39%
50096 92 Gennevilliers
39%
27655 91 Grigny
39%
35056 91 Palaiseau
39%
56585 94 Villejuif
39%
34939 94 Villeneuve-Saint-Georges
39%
38571 93 Bagnolet
38%
52613 91 Corbeil-Essonnes
38%
67809 92 Levallois-Perret
38%
48174 92 Montrouge
38%
60597 93 Pantin
38%
40049 78 Poissy
38%
45622 93 Rosny-sous-Bois
38%
46171 78 Saint-Germain-en-Laye
38%
53740 92 Clamart
36%
45317 94 Alfortville
34%
30492 94 Cachan
34%
46466 94 Choisy-le-Roi
34%
28679 94 Fresnes
34%
57944 94 Maisons-Alfort
34%
33820 94 Nogent-sur-Marne
34%
79713 92 Rueil-Malmaison
34%
30115 92 Saint-Cloud
34%
39277 93 Stains
34%
42122 92 Bagneux
33%
31052 95 Goussainville
33%
17773 91 Juvisy-sur-Orge
33%
58116 93 Le Blanc-Mesnil
33%
25299 91 Les Ulis
33%
46517 92 Meudon
33%
21059 93 Neuilly-Plaisance
33%
49992 92 Suresnes
33%
21962 94 Arcueil
31%
43294 95 Garges-lès-Gonesse
31%
31554 93 Romainville
31%
5673 94 Rungis
31%
75449 94 Saint-Maur-des-Fossés
31%
37441 91 Savigny-sur-Orge
31%
23472 92 Sèvres
31%
22604 77 Torcy
31%
28157 92 Vanves
31%
19278 94 Joinville-le-Pont
30%
24642 94 Le Kremlin-Bicêtre
30%
23396 93 Les Lilas
30%
27534 78 Rambouillet
30%
22191 94 Saint-Mandé
30%
52158 78 Sartrouville
30%
33527 78 Trappes
30%
24670 92 Villeneuve-la-Garenne
30%
38283 93 Villepinte
30%
28742 95 Villiers-le-Bel
30%
54691 77 Chelles
28%
10910 91 Dourdan
28%
15695 93 Le Bourget
28%
31412 92 Malakoff
28%
21942 95 Montmorency
28%
31243 78 Plaisir
28%
51656 93 Saint-Ouen-sur-Seine
28%
20721 92 Sceaux
28%
30994 94 Thiais
28%
36653 93 Tremblay-en-France
28%
29325 91 Yerres
28%
35927 91 Athis-Mons
27%
27361 91 Brétigny-sur-Orge
27%
21996 91 Gif-sur-Yvette
27%
25950 95 Gonesse
27%
33569 78 Houilles
27%
33705 78 Les Mureaux
27%
37804 77 Pontault-Combault
27%
6780 77 Chessy
25%
29624 93 Clichy-sous-Bois
25%
11574 95 Enghien-les-Bains
25%
37494 95 Franconville
25%
18950 94 Gentilly
25%
21242 91 Longjumeau
25%
32335 78 Montigny-le-Bretonneux
25%
15853 77 Noisiel
25%
24849 95 Saint-Ouen-l'Aumône
25%
27318 94 Sucy-en-Brie
25%
29817 92 Bois-Colombes
23%
18488 94 Bonneuil-sur-Marne
23%
13729 91 Fleury-Mérogis
23%
39817 93 Gagny
23%
17960 92 Garches
23%
10487 91 Igny
23%
45818 93 Livry-Gargan
23%
16857 78 Marly-le-Roi
23%
15890 91 Orsay
23%
29829 91 Ris-Orangis
23%
22747 77 Roissy-en-Brie
23%
4319 91 Saclay
23%
30404 77 Savigny-le-Temple
23%
31640 91 Vigneux-sur-Seine
23%
11266 91 Arpajon
22%
31978 95 Bezons
22%
21291 92 Bourg-la-Reine
22%
17796 94 Bry-sur-Marne
22%
29453 95 Ermont
22%
25389 92 Fontenay-aux-Roses
22%
29890 92 La Garenne-Colombes
22%
33981 94 Le Perreux-sur-Marne
22%
31847 94 L'Haÿ-les-Roses
22%
21015 78 Mantes-la-Ville
22%
28141 93 Montfermeil
22%
36190 91 Sainte-Geneviève-des-Bois
22%
23020 78 Vélizy-Villacoublay
22%
21493 94 Villeneuve-le-Roi
22%
26797 77 Villeparisis
22%
17345 94 Boissy-Saint-Léger
20%
25775 91 Brunoy
20%
26907 77 Bussy-Saint-Georges
20%
25372 77 Champs-sur-Marne
20%
29842 94 Charenton-le-Pont
20%
30190 78 Chatou
20%
20830 92 Chaville
20%
18115 94 Chennevières-sur-Marne
20%
20447 94 Chevilly-Larue
20%
15167 77 Coulommiers
20%
25782 95 Eaubonne
20%
8149 78 Jouy-en-Josas
20%
12273 94 La Queue-en-Brie
20%
29719 92 Le Plessis-Robinson
20%
14949 93 Le Raincy
20%
16108 78 Le Vésinet
20%
14441 77 Lognes
20%
1815 92 Marnes-la-Coquette
20%
20713 77 Mitry-Mory
20%
24217 91 Montgeron
20%
21244 78 Saint-Cyr-l'École
20%
14673 94 Saint-Maurice
20%
7908 78 Saint-Rémy-lès-Chevreuse
20%
29820 94 Villiers-sur-Marne
20%
5938 94 Ablon-sur-Seine
19%
10426 91 Bondoufle
19%
36688 92 Châtillon
19%
11232 93 Dugny
19%
11216 91 Épinay-sur-Orge
19%
6296 78 La Verrière
19%
19733 94 Le Plessis-Trévise
19%
17342 93 Le Pré-Saint-Gervais
19%
7885 91 Paray-Vieille-Poste
19%
2817 95 Roissy-en-France
19%
21441 91 Saint-Michel-sur-Orge
19%
26878 95 Sannois
19%
30763 93 Villemomble
19%
13513 93 Villetaneuse
19%
17089 78 Viroflay
19%
31297 91 Viry-Châtillon
19%
15335 78 Carrières-sur-Seine
17%
20050 91 Chilly-Mazarin
17%
21801 77 Combs-la-Ville
17%
20889 78 La Celle-Saint-Cloud
17%
21332 77 Lagny-sur-Marne
17%
8665 93 L'Île-Saint-Denis
17%
28391 94 Limeil-Brévannes
17%
7505 78 Louveciennes
17%
11436 95 Louvres
17%
22305 95 Montigny-lès-Cormeilles
17%
7053 78 Orgeval
17%
240 77 Ormesson
17%
14082 95 Persan
17%
31393 93 Pierrefitte-sur-Seine
17%
7283 93 Vaujours
17%
7134 91 Wissous
17%
21812 78 Achères
16%
14434 95 Arnouville
16%
8993 95 Beauchamp
16%
19447 77 Brie-Comte-Robert
16%
22246 95 Deuil-la-Barre
16%
28851 91 Draveil
16%
6876 93 Gournay-sur-Marne
16%
16081 78 Le Pecq
16%
14615 95 Montmagny
16%
13215 91 Morangis
16%
13109 77 Nemours
16%
12394 77 Provins
16%
21060 95 Saint-Gratien
16%
16242 95 Saint-Leu-la-Forêt
16%
26773 95 Taverny
16%
8941 92 Vaucresson
16%
10573 91 Villebon-sur-Yvette
16%
12164 78 Aubergenville
14%
34748 92 Châtenay-Malabry
14%
5017 93 Coubron
14%
22471 77 Dammarie-les-Lys
14%
7699 77 Émerainville
14%
9895 95 Fosses
14%
29760 78 Guyancourt
14%
31970 95 Herblay-sur-Seine
14%
3730 78 Houdan
14%
13891 77 Lieusaint
14%
23700 78 Maisons-Laffitte
14%
15914 91 Mennecy
14%
20921 77 Ozoir-la-Ferrière
14%
821 77 Saint-Brice
14%
18228 95 Soisy-sous-Montmorency
14%
14579 94 Valenton
14%
10458 78 Vernouillet
14%
11919 94 Villecresnes
14%
3829 78 Bailly
13%
4873 91 Bièvres
13%
15184 78 Bois-d'Arcy
13%
9442 91 Bures-sur-Yvette
13%
2788 91 Champlan
13%
10795 78 Chanteloup-les-Vignes
13%
36372 78 Conflans-Sainte-Honorine
13%
26297 95 Cormeilles-en-Parisis
13%
10922 77 Dammartin-en-Goële
13%
15874 95 Domont
13%
26117 78 Élancourt
13%
24003 93 Les Pavillons-sous-Bois
13%
17216 78 Limay
13%
11923 95 L'Isle-Adam
13%
7366 91 Lisses
13%
18280 78 Maurepas
13%
18117 77 Moissy-Cramayel
13%
8788 91 Montlhéry
13%
4644 94 Noiseau
13%
9772 95 Pierrelaye
13%
9522 91 Quincy-sous-Sénart
13%
5100 78 Saint-Nom-la-Bretèche
13%
7298 95 Saint-Prix
13%
13450 77 Vaires-sur-Marne
13%
5513 91 Villabé
13%
11170 92 Ville-d'Avray
13%
11239 78 Villepreux
13%
995 78 Auteuil
11%
9671 95 Beaumont-sur-Oise
11%
9127 78 Bougival
11%
5796 78 Chambourcy
11%
12435 77 Claye-Souilly
11%
4408 78 Coignières
11%
9508 91 Crosne
11%
12280 91 Épinay-sous-Sénart
11%
6509 77 Esbly
11%
8519 95 Groslay
11%
31707 78 Le Chesnay-Rocquencourt
11%
6581 91 Limours
11%
4836 94 Mandres-les-Roses
11%
4711 91 Milly-la-Forêt
11%
22073 77 Montereau-Fault-Yonne
11%
17330 95 Osny
11%
1957 77 Réau
11%
9789 77 Serris
11%
7357 91 Soisy-sur-Seine
11%
4305 95 Survilliers
11%
1350 95 Us
11%
16207 95 Vauréal
11%
16283 78 Verneuil-sur-Seine
11%
864 78 Vert
11%
6892 95 Auvers-sur-Oise
9%
13763 77 Avon
9%
8057 91 Boussy-Saint-Antoine
9%
5708 78 Chevreuse
9%
10624 78 Croissy-sur-Seine
9%
6900 91 Étréchy
9%
17357 95 Jouy-le-Moutier
9%
9752 77 La Ferté-sous-Jouarre
9%
4709 95 La Frette-sur-Seine
9%
20817 77 Le Mée-sur-Seine
9%
1045 77 Le Mesnil-Amelot
9%
6671 78 Le Perray-en-Yvelines
9%
5505 78 Le Port-Marly
9%
1727 78 Les Loges-en-Josas
9%
4617 95 Le Thillay
9%
6913 91 Linas
9%
9230 77 Magny-le-Hongre
9%
5703 95 Marly-la-Ville
9%
4435 78 Maurecourt
9%
10083 95 Méry-sur-Oise
9%
20319 91 Morsang-sur-Orge
9%
14429 77 Saint-Fargeau-Ponthierry
9%
4055 94 Santeny
9%
4457 91 Tigery
9%
8533 77 Tournan-en-Brie
9%
14931 91 Verrières-le-Buisson
9%
2464 91 Villejust
9%
11118 78 Voisins-le-Bretonneux
9%
13385 78 Andrésy
8%
4427 91 Angerville
8%
4711 91 Ballainvilliers
8%
7812 91 Ballancourt-sur-Essonne
8%
17542 78 Carrières-sous-Poissy
8%
11069 77 Cesson
8%
7142 95 Écouen
8%
6716 78 Épône
8%
18450 95 Éragny
8%
13682 78 Fontenay-le-Fleury
8%
7933 78 Gargenville
8%
6701 91 Itteville
8%
8112 91 La Ville-du-Bois
8%
17624 78 Les Clayes-sous-Bois
8%
6877 78 Les Essarts-le-Roi
8%
1905 91 Les Molières
8%
4906 95 Luzarches
8%
9569 78 Magny-les-Hameaux
8%
8398 91 Marcoussis
8%
3835 78 Mareil-Marly
8%
4844 94 Marolles-en-Brie
8%
421 77 Marolles-en-Brie
8%
9162 78 Meulan-en-Yvelines
8%
15076 78 Montesson
8%
2980 78 Montfort-l'Amaury
8%
8990 77 Nangis
8%
3439 78 Neauphle-le-Château
8%
4563 91 Nozay
8%
3284 77 Pringy
8%
6953 78 Rosny-sur-Seine
8%
5925 78 Saint-Arnoult-en-Yvelines
8%
709 91 Saint-Aubin
8%
7571 91 Saint-Germain-lès-Corbeil
8%
11618 91 Saint-Pierre-du-Perray
8%
1456 78 Thoiry
8%
10533 77 Thorigny-sur-Marne
8%
1202 78 Toussus-le-Noble
8%
4625 91 Villiers-sur-Orge
8%
1621 77 Bagneaux-sur-Loing
6%
7697 78 Beynes
6%
6080 77 Bois-le-Roi
6%
6654 95 Bouffémont
6%
3432 91 Briis-sous-Forges
6%
1584 78 Cernay-la-Ville
6%
1146 91 Chamarande
6%
5080 95 Champagne-sur-Oise
6%
1506 78 Châteaufort
6%
2029 77 Croissy-Beaubourg
6%
6595 91 Égly
6%
3262 91 Étiolles
6%
2469 78 Flins-sur-Seine
6%
1592 91 Fontenay-le-Vicomte
6%
438 77 Forges
6%
1535 91 Gometz-la-Ville
6%
2666 91 Gometz-le-Châtel
6%
820 77 Gressy
6%
5922 78 Jouars-Pontchartrain
6%
3711 91 La Ferté-Alais
6%
4910 77 La Ferté-Gaucher
6%
4871 91 Le Coudray-Montceaux
6%
4172 91 Le Plessis-Pâté
6%
4393 91 Leuville-sur-Orge
6%
3547 77 Lizy-sur-Ourcq
6%
6461 91 Longpont-sur-Orge
6%
6269 78 Magnanville
6%
5865 95 Magny-en-Vexin
6%
6182 78 Maule
6%
1707 78 Méré
6%
6031 77 Mouroux
6%
6335 77 Nandy
6%
2084 95 Neuville-sur-Oise
6%
7977 78 Noisy-le-Roi
6%
11150 91 Saint-Germain-lès-Arpajon
6%
5503 77 Saint-Pierre-lès-Nemours
6%
6378 77 Saint-Thibault-des-Vignes
6%
12556 78 Triel-sur-Seine
6%
5051 77 Trilport
6%
2087 91 Vauhallan
6%
8649 77 Vert-Saint-Denis
6%
7102 91 Villemoisson-sur-Orge
6%
5648 78 Villennes-sur-Seine
6%
1177 91 Villiers-le-Bâcle
6%
3055 78 Villiers-Saint-Frédéric
6%
3557 78 Ablis
5%
2744 95 Andilly
5%
3125 95 Asnières-sur-Oise
5%
2017 78 Auffargis
5%
7933 95 Bessancourt
5%
3754 77 Boissise-le-Roi
5%
1380 91 Boissy-le-Cutté
5%
636 78 Boissy-Mauvoisin
5%
1160 95 Bonneuil-en-France
5%
4924 78 Bonnières-sur-Seine
5%
2122 91 Bouray-sur-Juine
5%
850 77 Boutigny
5%
4900 77 Brou-sur-Chantereine
5%
6097 78 Buc
5%
468 91 Buno-Bonnevaux
5%
6504 77 Champagne-sur-Seine
5%
2598 77 Chartrettes
5%
3074 77 Château-Landon
5%
6828 95 Courdimanche
5%
4843 77 Crécy-la-Chapelle
5%
1029 78 Dampierre-en-Yvelines
5%
845 91 Dannemois
5%
4168 78 Ecquevilly
5%
9651 95 Ézanville
5%
3090 78 Feucherolles
5%
2314 91 Fontenay-lès-Briis
5%
4048 91 Forges-les-Bains
5%
3392 95 Frépillon
5%
2492 78 Garancières
5%
1325 78 Gazeran
5%
157 77 Gironville
5%
557 78 Gressey
5%
8525 77 Gretz-Armainvilliers
5%
2508 78 Hardricourt
5%
613 78 Jumeauville
5%
5564 91 Lardy
5%
516 95 La Roche-Guyon
5%
6414 78 Le Mesnil-le-Roi
5%
8524 95 Le Plessis-Bouchard
5%
1207 91 Les Granges-le-Roi
5%
7242 77 Lésigny
5%
2237 77 Livry-sur-Seine
5%
2848 91 Maisse
5%
1740 78 Mareil-sur-Mauldre
5%
2877 95 Margency
5%
5660 91 Marolles-en-Hurepoix
5%
1048 78 Maulette
5%
6045 95 Menucourt
5%
5266 95 Mériel
5%
744 91 Mondeville
5%
14120 77 Montévrain
5%
2715 77 Montigny-sur-Loing
5%
12845 77 Moret-Loing-et-Orvanne
5%
6625 77 Nanteuil-lès-Meaux
5%
929 78 Neauphle-le-Vieux
5%
2536 78 Orgerus
5%
2740 94 Périgny
5%
3213 78 Porcheville
5%
15182 95 Saint-Brice-sous-Forêt
5%
5343 91 Saint-Chéron
5%
963 91 Saint-Cyr-sous-Dourdan
5%
5901 91 Saintry-sur-Seine
5%
6650 91 Saulx-les-Chartreux
5%
1883 77 Seine-Port
5%
1052 95 Seugy
5%
1264 91 Soisy-sur-École
5%
5352 77 Souppes-sur-Loing
5%
1247 95 Valmondois
5%
2333 91 Varennes-Jarcy
5%
11254 77 Vaux-le-Pénil
5%
5088 78 Vaux-sur-Seine
5%
903 95 Vétheuil
5%
5329 95 Viarmes
5%
5013 77 Villenoy
5%
336 91 Abbéville-la-Rivière
3%
1122 78 Aigremont
3%
292 78 Allainville
3%
619 78 Autouillet
3%
102 77 Baby
3%
7368 77 Bailly-Romainvilliers
3%
1285 77 Barbizon
3%
1501 78 Bazainville
3%
501 78 Béhoust
3%
2227 95 Belloy-en-France
3%
789 77 Blandy
3%
119 91 Blandy
3%
919 78 Blaru
3%
399 91 Boigneville
3%
284 78 Boissets
3%
3853 91 Boissy-sous-Saint-Yon
3%
366 77 Bréau
3%
8882 91 Breuillet
3%
3639 91 Bruyères-le-Châtel
3%
4402 95 Bruyères-sur-Oise
3%
1978 78 Bullion
3%
690 77 Bussy-Saint-Martin
3%
2294 95 Butry-sur-Oise
3%
3510 91 Cerny
3%
2115 77 Chailly-en-Bière
3%
2937 91 Champcueil
3%
1384 77 Changis-sur-Marne
3%
1597 91 Chevannes
3%
566 78 Choisel
3%
894 78 Clairefontaine-en-Yvelines
3%
3381 77 Collégien
3%
818 77 Compans
3%
1898 77 Coubert
3%
6696 77 Courtry
3%
1532 91 D'Huison-Longueville
3%
157 78 Flins-Neuve-Église
3%
1263 78 Galluis
3%
2533 78 Gambais
3%
931 78 Grosrouvre
3%
1160 77 Guermantes
3%
2195 78 Guerville
3%
2615 77 Héricy
3%
3959 78 Issou
3%
800 78 Jambville
3%
648 91 Janvry
3%
649 77 Jossigny
3%
2032 77 Juilly
3%
862 78 La Celle-les-Bordes
3%
521 91 La Forêt-le-Roi
3%
169 78 La Hauteville
3%
2379 78 La Queue-les-Yvelines
3%
3911 77 La Rochette
3%
6948 78 Le Mesnil-Saint-Denis
3%
1334 78 Les Bréviaires
3%
899 78 Les Mesnuls
3%
4613 78 L'Étang-la-Ville
3%
1582 91 Leudeville
3%
1637 78 Lévis-Saint-Nom
3%
316 77 Lissy
3%
2313 77 Longperrier
3%
1804 77 Longueville
3%
1848 95 Maffliers
3%
369 77 Mauregard
3%
1375 78 Médan
3%
387 78 Méricourt
3%
1220 77 Messy
3%
3818 78 Mézières-sur-Seine
3%
295 78 Milon-la-Chapelle
3%
974 78 Moisson
3%
410 78 Mondreville
3%
332 77 Mondreville
3%
2991 95 Montlignon
3%
3737 95 Montsoult
3%
5141 77 Mormant
3%
579 91 Morsang-sur-Seine
3%
118 95 Moussy
3%
528 91 Nainville-les-Roches
3%
1069 78 Nézel
3%
1890 77 Noisy-sur-École
3%
4862 91 Ollainville
3%
10611 94 Ormesson-sur-Marne
3%
2221 91 Ormoy
3%
335 78 Orsonville
3%
409 78 Osmoy
3%
231 78 Paray-Douaville
3%
46 77 Passy-sur-Seine
3%
558 91 Pecqueuse
3%
737 95 Piscop
3%
2321 77 Rebais
3%
1615 78 Richebourg
3%
1338 91 Roinville
3%
370 78 Rolleboise
3%
928 77 Rouvres
3%
1125 95 Sagy
3%
930 78 Sainte-Mesme
3%
462 78 Saint-Forget
3%
984 78 Saint-Hilarion
3%
487 91 Saint-Jean-de-Beauregard
3%
479 78 Saint-Lambert
3%
255 77 Saint-Léger
3%
3872 77 Saint-Mard
3%
688 78 Saint-Martin-de-Bréthencourt
3%
1671 78 Saint-Rémy-l'Honoré
3%
3080 91 Saint-Vrain
3%
670 95 Santeuil
3%
514 78 Senlisse
3%
1642 91 Sermaise
3%
3359 77 Servon
3%
1639 78 Sonchamp
3%
1108 78 Tacoignières
3%
895 77 Thieux
3%
1220 78 Thiverval-Grignon
3%
3531 77 Thomery
3%
523 78 Tilly
3%
101 95 Vaudherland
3%
2728 95 Vémars
3%
3208 77 Verneuil-l'Étang
3%
2286 91 Vert-le-Grand
3%
2810 91 Vert-le-Petit
3%
648 78 Vieille-Église-en-Yvelines
3%
706 77 Villeroy
3%
544 78 Villette
3%
2148 77 Villevaudé
3%
240 77 Villiers-en-Bière
3%
333 95 Wy-dit-Joli-Village
3%
1180 77 Achères-la-Forêt
2%
670 78 Adainville
2%
891 95 Aincourt
2%
207 95 Amenucourt
2%
1750 91 Angervilliers
2%
3352 77 Annet-sur-Marne
2%
275 95 Arthies
2%
1703 95 Attainville
2%
1167 78 Aulnay-sur-Mauldre
2%
326 91 Auvernaux
2%
1024 91 Avrainville
2%
1908 95 Baillet-en-France
2%
366 77 Barcy
2%
1377 91 Baulne
2%
1728 78 Bazemont
2%
476 95 Bellefontaine
2%
1903 78 Bennecourt
2%
411 95 Béthemont-la-Forêt
2%
617 78 Boinville-le-Gaillard
2%
872 95 Boisemont
2%
1960 95 Boissy-l'Aillerie
2%
506 91 Boissy-la-Rivière
2%
3290 77 Boissy-le-Châtel
2%
708 91 Boissy-le-Sec
2%
653 78 Boissy-sans-Avoir
2%
2144 78 Bonnelles
2%
668 91 Boullay-les-Troux
2%
306 95 Bouqueval
2%
516 78 Bourdonné
2%
2854 77 Bourron-Marlotte
2%
2994 91 Boutigny-sur-Essonne
2%
665 91 Bouville
2%
976 95 Bray-et-Lû
2%
1929 78 Bréval
2%
712 78 Brueil-en-Vexin
2%
3334 78 Buchelay
2%
2601 77 Cannes-Écluse
2%
1394 77 Chalifert
2%
1048 91 Chalo-Saint-Mars
2%
398 91 Chalou-Moulineux
2%
1043 77 Chambry
2%
1417 77 Chamigny
2%
4068 77 Chanteloup-en-Brie
2%
36 95 Charmont
2%
1556 77 Charny
2%
2059 95 Chars
2%
365 77 Châteaubleau
2%
711 77 Châtres
2%
3623 77 Chauconin-Neufmontiers
2%
140 91 Chauffour-lès-Étréchy
2%
1042 77 Chauffry
2%
3283 95 Chaumontel
2%
302 95 Chauvry
2%
1817 78 Chavenay
2%
311 95 Chennevières-lès-Louvres
2%
3962 77 Chevry-Cossigny
2%
354 78 Civry-la-Forêt
2%
1282 78 Condé-sur-Vesgre
2%
1742 91 Corbreuse
2%
1312 95 Cormeilles-en-Vexin
2%
2125 77 Couilly-Pont-aux-Dames
2%
521 77 Coulommes
2%
301 95 Courcelles-sur-Viosne
2%
377 78 Courgent
2%
416 78 Cravent
2%
5328 77 Crégy-lès-Meaux
2%
1764 78 Crespières
2%
1843 77 Crouy-sur-Ourcq
2%
465 77 Cuisy
2%
274 77 Dagny
2%
3556 77 Dampmart
2%
220 78 Dannemarie
2%
300 78 Davron
2%
2809 77 Donnemarie-Dontilly
2%
1103 77 Doue
2%
569 78 Drocourt
2%
2187 77 Égreville
2%
903 78 Émancé
2%
2490 95 Ennery
2%
112 95 Épiais-lès-Louvres
2%
631 95 Épiais-Rhus
2%
66 95 Épinay-Champlâtreux
2%
787 78 Évecquemont
2%
3101 77 Évry-Grégy-sur-Yerre
2%
3018 77 Faremoutiers
2%
1192 77 Favières
2%
160 78 Favrieux
2%
1290 77 Férolles-Attilly
2%
186 78 Flacourt
2%
588 78 Flexanville
2%
1010 77 Fontaine-le-Port
2%
2091 95 Fontenay-en-Parisis
2%
414 78 Fontenay-Mauvoisin
2%
5814 77 Fontenay-Trésigny
2%
558 95 Frémécourt
2%
4320 78 Freneuse
2%
971 77 Fresnes-sur-Marne
2%
682 78 Gaillon-sur-Montcient
2%
62 78 Gambaiseuil
2%
523 95 Génicourt
2%
664 78 Gommecourt
2%
542 78 Goupillières
2%
638 78 Goussonville
2%
303 78 Grandchamp
2%
1455 77 Grez-sur-Loing
2%
2673 77 Guérard
2%
1089 78 Guernes
2%
877 91 Guibeville
2%
821 91 Guillerval
2%
637 78 Guitrancourt
2%
454 78 Hargeville
2%
257 77 Hautefeuille
2%
283 95 Hédouville
2%
246 78 Herbeville
2%
632 77 Hermé
2%
967 78 Hermeray
2%
161 77 Ichy
2%
602 77 Iverny
2%
709 77 Jablines
2%
2012 91 Janville-sur-Juine
2%
4384 77 Jouarre
2%
1524 77 Jouy-le-Châtel
2%
562 78 Jouy-Mauvoisin
2%
3952 78 Juziers
2%
651 95 Labbeville
2%
735 77 La Brosse-Montceaux
2%
1266 77 La Celle-sur-Morin
2%
436 77 La Chapelle-Moutils
2%
625 78 La Falaise
2%
164 91 La Forêt-Sainte-Croix
2%
801 78 Lainville-en-Vexin
2%
4362 91 La Norville
2%
194 95 Lassy
2%
3350 91 Le Mérévillois
2%
535 95 Le Perchay
2%
259 77 Le Plessis-aux-Bois
2%
1253 78 Les Alluets-le-Roi
2%
122 78 Le Tertre-Saint-Denis
2%
1106 78 Le Tremblay-sur-Mauldre
2%
2005 78 Limetz-Villez
2%
386 95 Livilliers
2%
1552 78 Longnes
2%
517 78 Longvilliers
2%
1230 77 Lorrez-le-Bocage-Préaux
2%
1872 77 Maincy
2%
869 77 Maison-Rouge
2%
597 77 Marchémoret
2%
777 78 Marcq
2%
726 95 Mareil-en-France
2%
410 78 Mareil-le-Guyon
2%
3491 95 Marines
2%
1819 77 Marles-en-Brie
2%
243 91 Marolles-en-Beauce
2%
334 91 Mauchamps
2%
217 78 Ménerville
2%
638 91 Mérobert
2%
284 78 Millemont
2%
1283 91 Moigny-sur-École
2%
1393 77 Moisenay
2%
1267 95 Moisselles
2%
383 91 Monnerville
2%
323 78 Montalet-le-Bois
2%
312 78 Montchauvet
2%
734 77 Montgé-en-Goële
2%
341 95 Montgeroult
2%
1761 77 Monthyon
2%
1423 77 Montigny-Lencoup
2%
261 77 Montmachoux
2%
3152 78 Morainvilliers
2%
4481 91 Morigny-Champigny
2%
1444 77 Mortcerf
2%
1663 95 Mours
2%
686 78 Mousseaux-sur-Seine
2%
109 78 Mulcent
2%
434 77 Nanteuil-sur-Marne
2%
294 77 Nantouillet
2%
1811 95 Nesles-la-Vallée
2%
875 95 Nointel
2%
651 95 Noisy-sur-Oise
2%
618 77 Nonville
2%
719 78 Notre-Dame-de-la-Mer
2%
718 95 Nucourt
2%
109 77 Obsonville
2%
1095 78 Oinville-sur-Montcient
2%
2471 77 Oissery
2%
330 95 Omerville
2%
1024 78 Orcemont
2%
959 91 Ormoy-la-Rivière
2%
901 78 Orphin
2%
946 78 Orvilliers
2%
6807 77 Othis
2%
5714 95 Parmain
2%
1353 77 Penchard
2%
669 78 Perdreauville
2%
2040 77 Perthes
2%
521 77 Poigny
2%
3017 77 Pommeuse
2%
4205 77 Pomponne
2%
706 78 Ponthévrard
2%
799 77 Précy-sur-Marne
2%
3999 95 Presles
2%
582 95 Puiseux-Pontoise
2%
5497 77 Quincy-Voisins
2%
1004 78 Raizeux
2%
116 78 Rennemoulin
2%
402 91 Richarville
2%
932 78 Rochefort-en-Yvelines
2%
383 78 Rosay
2%
3126 77 Rubelles
2%
1880 77 Saâcy-sur-Marne
2%
358 78 Sailly
2%
1799 77 Saint-Augustin
2%
512 91 Saint-Cyr-la-Rivière
2%
494 91 Saint-Escobille
2%
1884 78 Saint-Germain-de-la-Grange
2%
572 77 Saint-Germain-sous-Doue
2%
910 95 Saint-Gervais
2%
416 91 Saint-Hilaire
2%
384 78 Saint-Illiers-la-Ville
2%
430 78 Saint-Illiers-le-Bois
2%
1298 77 Saint-Jean-les-Deux-Jumeaux
2%
1434 78 Saint-Léger-en-Yvelines
2%
667 77 Saint-Martin-des-Champs
2%
312 78 Saint-Martin-des-Champs
2%
940 78 Saint-Martin-la-Garenne
2%
1577 91 Saint-Maurice-Montcouronne
2%
613 77 Saint-Mesmes
2%
6291 77 Saint-Pathus
2%
910 77 Saint-Siméon
2%
2548 95 Saint-Witz
2%
917 91 Saint-Yon
2%
2072 77 Samois-sur-Seine
2%
2503 77 Samoreau
2%
989 78 Saulx-Marchais
2%
2351 78 Septeuil
2%
705 78 Soindres
2%
1235 77 Solers
2%
1912 77 Sourdun
2%
308 95 Théméricourt
2%
53 95 Theuville
2%
283 91 Torfou
2%
3732 77 Varennes-sur-Seine
2%
1421 91 Vaugrigneuse
2%
375 78 Vicq
2%
1118 95 Vigny
2%
771 95 Villaines-sous-Bois
2%
645 77 Villeneuve-sous-Dammartin
2%
1548 95 Villeron
2%
856 78 Villiers-le-Mahieu
2%
196 95 Villiers-le-Sec
2%
383 77 Vinantes
2%
1184 77 Voisenon
2%
1668 77 Voulx
2%
2803 77 Vulaines-sur-Seine
2%
1119 95 Ableiges
0%
397 95 Ambleville
0%
823 77 Amillis
0%
349 77 Amponville
0%
486 78 Andelu
0%
300 77 Andrezel
0%
998 77 Arbonne-la-Forêt
0%
361 77 Argentières
0%
1237 77 Armentières-en-Brie
0%
954 78 Arnouville-lès-Mantes
0%
131 91 Arrancourt
0%
633 95 Arronville
0%
131 77 Arville
0%
951 77 Aubepierre-Ozouer-le-Repos
0%
498 77 Aufferville
0%
660 78 Auffreville-Brasseuil
0%
299 77 Augers-en-Brie
0%
370 77 Aulnoy
0%
381 91 Authon-la-Plaine
0%
1293 91 Auvers-Saint-Georges
0%
873 95 Avernes
0%
338 77 Balloy
0%
661 77 Bannost-Villegagnon
0%
151 95 Banthelu
0%
157 77 Barbey
0%
394 77 Bassevelle
0%
880 77 Bazoches-lès-Bray
0%
660 78 Bazoches-sur-Guyonne
0%
369 77 Beauchery-Saint-Martin
0%
1191 77 Beaumont-du-Gâtinais
0%
2026 77 Beautheil-Saints
0%
188 77 Beauvoir
0%
778 77 Bellot
0%
957 77 Bernay-Vilbert
0%
2768 95 Bernes-sur-Oise
0%
366 95 Berville
0%
941 77 Beton-Bazoches
0%
238 77 Bezalles
0%
553 77 Blennes
0%
292 78 Boinville-en-Mantois
0%
252 78 Boinvilliers
0%
137 77 Boisdon
0%
82 91 Bois-Herpin
0%
420 77 Boissettes
0%
1180 77 Boissise-la-Bertrand
0%
285 77 Boissy-aux-Cailles
0%
341 77 Boitron
0%
961 77 Bombon
0%
2229 78 Bouafle
0%
732 77 Bougligny
0%
339 77 Boulancourt
0%
1711 77 Bouleurs
0%
435 91 Boutervilliers
0%
539 77 Bransles
0%
2355 77 Bray-sur-Seine
0%
429 95 Bréançon
0%
767 78 Breuil-Bois-Robert
0%
1292 91 Breux-Jouy
0%
1292 91 Brières-les-Scellés
0%
224 95 Brignancourt
0%
129 91 Brouy
0%
323 95 Buhy
0%
153 77 Burcy
0%
542 77 Bussières
0%
746 77 Buthiers
0%
466 77 Carnetin
0%
1271 77 Cély
0%
313 77 Cerneux
0%
219 77 Cessoy-en-Montois
0%
1651 77 Chailly-en-Brie
0%
857 77 Chaintreaux
0%
688 77 Chalautre-la-Grande
0%
570 77 Chalautre-la-Petite
0%
811 77 Chalmaison
0%
199 77 Champcenest
0%
739 77 Champdeuil
0%
824 77 Champeaux
0%
374 91 Champmotteux
0%
1361 78 Chapet
0%
301 77 Charmentray
0%
301 77 Chartronges
0%
78 95 Châtenay-en-France
0%
1076 77 Châtenay-sur-Seine
0%
162 77 Châtenoy
0%
72 91 Chatignonville
0%
222 77 Châtillon-la-Borde
0%
485 78 Chaufour-lès-Bonnières
0%
3414 77 Chaumes-en-Brie
0%
607 95 Chaussy
0%
1679 77 Chenoise-Cucharmoy
0%
312 77 Chenou
0%
2257 91 Cheptainville
0%
124 95 Chérence
0%
259 77 Chevrainvilliers
0%
1079 77 Chevru
0%
528 77 Chevry-en-Sereine
0%
1329 77 Choisy-en-Brie
0%
970 77 Citry
0%
479 95 Cléry-en-Vexin
0%
247 77 Clos-Fontaine
0%
636 77 Cocherel
0%
514 95 Commeny
0%
1774 77 Conches-sur-Gondoire
0%
546 95 Condécourt
0%
1446 77 Condé-Sainte-Libiaire
0%
223 91 Congerville-Thionville
0%
1951 77 Congis-sur-Thérouanne
0%
574 77 Coulombs-en-Valois
0%
2895 77 Coupvray
0%
342 91 Courances
0%
199 77 Courcelles-en-Bassée
0%
153 77 Courchamp
0%
284 91 Courdimanche-sur-Essonne
0%
1287 77 Courpalay
0%
196 77 Courquetaine
0%
591 91 Courson-Monteloup
0%
250 77 Courtacon
0%
553 77 Courtomer
0%
274 77 Coutençon
0%
1205 77 Coutevroult
0%
441 77 Crèvecœur-en-Brie
0%
628 77 Crisenoy
0%
1396 78 Dammartin-en-Serve
0%
1183 77 Dammartin-sur-Tigeaux
0%
915 77 Darvault
0%
322 77 Dhuisy
0%
201 77 Diant
0%
815 77 Dormelles
0%
380 77 Douy-la-Ramée
0%
781 91 Écharcon
0%
563 77 Échouboulains
0%
325 77 Égligny
0%
901 77 Esmans
0%
833 77 Étrépilly
0%
590 77 Everly
0%
507 77 Faÿ-lès-Nemours
0%
616 77 Féricy
0%
3832 77 Ferrières-en-Brie
0%
621 77 Flagy
0%
671 77 Fleury-en-Bière
0%
2196 78 Follainville-Dennemont
0%
584 77 Fontaine-Fourches
0%
183 91 Fontaine-la-Rivière
0%
269 77 Fontains
0%
1065 77 Fontenailles
0%
968 78 Fontenay-Saint-Père
0%
242 77 Forfry
0%
593 77 Fouju
0%
524 95 Frémainville
0%
169 77 Frétoy
0%
250 77 Fromont
0%
357 95 Frouville
0%
1413 77 Fublaines
0%
124 77 Garentreville
0%
691 77 Gastins
0%
546 95 Genainville
0%
1357 77 Germigny-l'Évêque
0%
212 77 Germigny-sous-Coulombs
0%
148 77 Gesvres-le-Chapitre
0%
187 77 Giremoutiers
0%
781 91 Gironville-sur-Essonne
0%
1388 77 Gouaix
0%
1211 77 Gouvernes
0%
160 95 Gouzangrez
0%
1020 77 Grandpuits-Bailly-Carrois
0%
166 77 Gravon
0%
711 95 Grisy-les-Plâtres
0%
2551 77 Grisy-Suisnes
0%
108 77 Grisy-sur-Seine
0%
269 77 Guercheville
0%
4373 77 Guignes
0%
910 91 Guigneville-sur-Essonne
0%
146 95 Guiry-en-Vexin
0%
570 77 Gurcy-le-Châtel
0%
572 95 Haravilliers
0%
296 95 Haute-Isle
0%
585 95 Hérouville-en-Vexin
0%
213 95 Hodent
0%
259 77 Hondevilliers
0%
821 77 Isles-les-Meldeuses
0%
1162 77 Isles-lès-Villenoy
0%
278 95 Jagny-sous-Bois
0%
322 77 Jaignes
0%
349 77 Jaulnes
0%
2238 77 Jouy-sur-Morin
0%
540 77 Jutigny
0%
813 78 La Boissière-École
0%
327 95 La Chapelle-en-Vexin
0%
1434 77 La Chapelle-Gauthier
0%
179 77 La Chapelle-Iger
0%
2396 77 La Chapelle-la-Reine
0%
915 77 La Chapelle-Rablais
0%
244 77 La Chapelle-Saint-Sulpice
0%
671 77 La Croix-en-Brie
0%
815 77 La Genevraye
0%
2922 77 La Grande-Paroisse
0%
333 77 La Haute-Maison
0%
1664 77 La Houssaye-en-Brie
0%
359 77 La Madeleine-sur-Loing
0%
709 77 Larchant
0%
203 77 La Tombe
0%
499 77 La Trétoire
0%
407 77 Laval-en-Brie
0%
677 78 La Villeneuve-en-Chevrie
0%
219 95 Le Bellay-en-Vexin
0%
4349 77 Le Châtelet-en-Brie
0%
599 77 Léchelle
0%
204 95 Le Heaulme
0%
916 95 Le Mesnil-Aubry
0%
629 77 Le Plessis-Feu-Aussoux
0%
84 95 Le Plessis-Gassot
0%
290 77 Le Plessis-l'Évêque
0%
131 95 Le Plessis-Luzarches
0%
283 77 Le Plessis-Placy
0%
497 77 Les Chapelles-Bourbon
0%
449 77 Lescherolles
0%
784 77 Lesches
0%
607 77 Les Écrennes
0%
153 77 Les Marêts
0%
865 77 Les Ormes-sur-Voulzie
0%
37 78 Le Tartre-Gaudran
0%
166 77 Leudon-en-Brie
0%
1530 91 Le Val-Saint-Germain
0%
743 77 Le Vaudoué
0%
570 77 Limoges-Fourches
0%
1318 77 Liverdy-en-Brie
0%
188 77 Lizines
0%
661 78 Lommoye
0%
544 95 Longuesse
0%
515 77 Louan-Villegruis-Fontaine
0%
239 77 Luisetaines
0%
1532 77 Lumigny-Nesles-Ormeaux
0%
1144 77 Luzancy
0%
797 77 Machault
0%
966 77 Maisoncelles-en-Brie
0%
138 77 Maisoncelles-en-Gâtinais
0%
451 77 Marcilly
0%
3349 77 Mareuil-lès-Meaux
0%
1866 77 Marolles-sur-Seine
0%
1105 77 Mary-sur-Marne
0%
196 95 Maudétour-en-Vexin
0%
476 77 Mauperthuis
0%
934 77 May-en-Multien
0%
237 77 Meigneux
0%
500 77 Meilleray
0%
354 77 Melz-sur-Seine
0%
63 95 Menouville
0%
741 77 Méry-sur-Marne
0%
215 91 Mespuits
0%
2326 78 Mézy-sur-Seine
0%
911 77 Misy-sur-Yonne
0%
647 78 Mittainville
0%
455 77 Mons-en-Montois
0%
523 78 Montainville
0%
613 77 Montceaux-lès-Meaux
0%
323 77 Montceaux-lès-Provins
0%
1976 77 Montcourt-Fromonville
0%
239 77 Montdauphin
0%
25 77 Montenils
0%
502 77 Montereau-sur-le-Jard
0%
311 77 Montigny-le-Guesdier
0%
241 77 Montolivet
0%
406 95 Montreuil-sur-Epte
0%
3770 77 Montry
0%
146 77 Mortery
0%
671 77 Mousseaux-lès-Bray
0%
3239 77 Moussy-le-Neuf
0%
1485 77 Moussy-le-Vieux
0%
365 77 Mouy-sur-Seine
0%
426 77 Nanteau-sur-Essonne
0%
690 77 Nanteau-sur-Lunain
0%
855 78 Neauphlette
0%
758 95 Nerville-la-Forêt
0%
1206 77 Neufmoutiers-en-Brie
0%
233 95 Neuilly-en-Vexin
0%
603 77 Noisy-Rudignon
0%
392 77 Noyen-sur-Seine
0%
405 77 Ocquerre
0%
1061 91 Oncy-sur-École
0%
669 77 Orly-sur-Morin
0%
157 91 Orveau
0%
1971 77 Ozouer-le-Voulgis
0%
449 77 Paley
0%
960 77 Pamfou
0%
167 77 Paroy
0%
855 77 Pécy
0%
396 77 Pézarches
0%
468 77 Pierre-Levée
0%
335 91 Plessis-Saint-Benoist
0%
950 78 Poigny-la-Forêt
0%
770 77 Poincy
0%
795 77 Poligny
0%
2173 77 Pontcarré
0%
2339 77 Presles-en-Brie
0%
868 78 Prunay-en-Yvelines
0%
429 78 Prunay-le-Temple
0%
292 91 Prunay-sur-Essonne
0%
263 91 Puiselet-le-Marais
0%
3615 95 Puiseux-en-France
0%
327 77 Puisieux
0%
2149 91 Pussay
0%
666 77 Quiers
0%
838 77 Rampillon
0%
629 77 Recloses
0%
477 77 Remauville
0%
829 77 Reuil-en-Brie
0%
107 91 Roinvilliers
0%
894 95 Ronquerolles
0%
502 77 Rouilly
0%
2863 77 Rozay-en-Brie
0%
124 77 Rumont
0%
100 77 Rupéreux
0%
730 77 Sablonnières
0%
1878 91 Saclas
0%
344 77 Saint-Barthélemy
0%
1003 95 Saint-Clair-sur-Epte
0%
240 95 Saint-Cyr-en-Arthies
0%
1998 77 Saint-Cyr-sur-Morin
0%
1025 77 Saint-Denis-lès-Rebais
0%
678 77 Sainte-Aulde
0%
1845 77 Sainte-Colombe
0%
427 77 Saint-Fiacre
0%
2851 77 Saint-Germain-Laval
0%
779 77 Saint-Germain-Laxis
0%
391 77 Saint-Germain-sur-École
0%
3895 77 Saint-Germain-sur-Morin
0%
496 77 Saint-Hilliers
0%
252 77 Saint-Just-en-Brie
0%
883 77 Saint-Loup-de-Naud
0%
3522 77 Saint-Mammès
0%
263 77 Saint-Mars-Vieux-Maisons
0%
278 77 Saint-Martin-du-Boschet
0%
2679 95 Saint-Martin-du-Tertre
0%
751 77 Saint-Martin-en-Bière
0%
341 77 Saint-Méry
0%
843 77 Saint-Ouen-en-Brie
0%
540 77 Saint-Ouen-sur-Morin
0%
997 77 Saint-Rémy-la-Vanne
0%
371 77 Saint-Sauveur-lès-Bray
0%
1134 77 Saint-Sauveur-sur-École
0%
3605 77 Saint-Soupplets
0%
273 91 Saint-Sulpice-de-Favières
0%
1183 77 Salins
0%
1150 77 Sammeron
0%
398 77 Sancy
0%
330 77 Sancy-lès-Provins
0%
607 77 Savins
0%
556 77 Sept-Sorts
0%
1311 95 Seraincourt
0%
590 77 Signy-Signets
0%
66 77 Sigy
0%
1150 77 Sivry-Courtry
0%
372 77 Sognolles-en-Montois
0%
2069 77 Soignolles-en-Brie
0%
842 77 Soisy-Bouy
0%
454 91 Souzy-la-Briche
0%
342 77 Tancrou
0%
1034 78 Tessancourt-sur-Aubette
0%
305 77 Thénisy
0%
655 77 Thoury-Férottes
0%
381 77 Tigeaux
0%
1236 77 Touquin
0%
357 77 Tousson
0%
411 77 Treuzy-Levelay
0%
671 77 Trilbardou
0%
232 77 Trocy-en-Multien
0%
885 77 Ury
0%
1092 77 Ussy-sur-Marne
0%
1065 77 Valence-en-Brie
0%
606 95 Vallangoujard
0%
634 91 Valpuiseaux
0%
190 77 Vanvillé
0%
2094 77 Varreddes
0%
290 77 Vaucourtois
0%
909 77 Vaudoy-en-Brie
0%
239 77 Vaux-sur-Lunain
0%
1030 91 Vayres-sur-Essonne
0%
698 77 Vendrest
0%
645 77 Verdelot
0%
2667 77 Vernou-la-Celle-sur-Seine
0%
607 91 Videlles
0%
382 95 Vienne-en-Arthies
0%
193 77 Vieux-Champagne
0%
318 77 Vignely
0%
474 77 Villebéon
0%
734 77 Villecerf
0%
761 91 Villeconin
0%
1119 77 Villemaréchal
0%
386 77 Villemareuil
0%
799 77 Villemer
0%
431 77 Villenauxe-la-Petite
0%
1899 77 Villeneuve-le-Comte
0%
621 77 Villeneuve-les-Bordes
0%
1198 77 Villeneuve-Saint-Denis
0%
604 91 Villeneuve-sur-Auvers
0%
1140 77 Villeneuve-sur-Bellot
0%
500 95 Villers-en-Arthies
0%
855 77 Ville-Saint-Jacques
0%
873 95 Villiers-Adam
0%
1194 77 Villiers-Saint-Georges
0%
678 77 Villiers-sous-Grez
0%
1972 77 Villiers-sur-Morin
0%
302 77 Villiers-sur-Seine
0%
261 77 Villuis
0%
528 77 Vimpelles
0%
281 77 Vincy-Manœuvre
0%
600 77 Voinsles
0%
1520 77 Voulangis
0%
315 77 Voulton
0%
65 77 Vulaines-lès-Provins
0%
950 77 Yèbles
0%
Aucun quiz correspondant
Distribution des résultats
% des personnes avec chaque résultat
Percentile par nombre de réponses
Votre historique - résultats
Vous n’avez pas pris ce quiz